LEADER 01365nam a2200301 i 4500 001 000000252865 003 CaOOAMICUS 005 20170210000000.0 008 170210s2016 it u000 u ita u 013 $a231770 020 $a978-88-7105-381-3 040 $aSeMil$bita 245 10$aCustodi dello stupore :$bla vita consacrata: Vangelo, profezia e speranza /$cPaolo Martinelli (ed.) 260 $aMilano :$bGlossa,$c2016. 300 $a267 p. ;$c20 cm. 490 0 $aSapientia ;$v77 650 4$aVita consacrata.$0(OLS)http://semarc/subject/3870 650 4$aVita consacrata - Meditazioni.$0(OLS)http://semarc/subject/17686 650 4$aVita consacrata - Teologia.$0(OLS)http://semarc/subject/26788 650 4$aVita consacrata - Spiritualitą.$0(OLS)http://semarc/subject/17481 700 1 $aMartinelli, Paolo,$c.$0(OLS)http://semarc/name/23625 830 0$aSapientia ;$v77.$0(OLS)http://semarc/title/625 850 $aSeMil 852 $aSeMil$W1$xVenegono$y1$m2KA O 77$j229424$B203211$CSeMilBibl$Z2$F215922 $81 961 $aOmaggio: Como don Giuseppe 996 $6020$a978-88-7105-381-3$9(OLS)http://semarc/number/275355 996 $6245$aCustodi dello stupore :$bla vita consacrata: Vangelo, profezia e speranza$9(OLS)http://semarc/title/410222 996 $6260$aMilano :$bGlossa$9(OLS)http://semarc/publisher/29635 LEADER 01223nam a2200277 i 4500 001 000000111824 003 CaOOAMICUS 005 20060725000000.0 008 060725s2002 it u000 u ita u 013 $a84506 020 $a88-213-0504-X 040 $aSeMil$bita 245 10$aELEOS: « l'affanno della ragione» fra compassione e misericordia /$ca cura di Maurizio Marin e Mauro Mantovani. 260 $aRoma :$bLAS,$ccopyr. 2002. 300 $a384 p. ;$c24 cm. 490 0 $aBiblioteca di scienze religiose ;$v178 650 4$aMisericordia.$0(OLS)http://semarc/subject/14176 700 1 $aMantovani, Mauro,$d<1966- >.$0(OLS)http://semarc/name/43948 700 1 $aMarin, Maurizio.$0(OLS)http://semarc/name/40377 830 0$aBiblioteca di scienze religiose ;$v178.$0(OLS)http://semarc/title/239 850 $aSeMil 852 $aSeMil$W1$xVenegono$y1$m2UA C 178$j228594$B67634$CSeMilBibl$Z2$F73856 $81 961 $aSottoscrizione: Cittą Nuova (Agente) 996 $6020$a88-213-0504-X$9(OLS)http://semarc/number/94154 996 $6245$aELEOS: « l'affanno della ragione» fra compassione e misericordia$9(OLS)http://semarc/title/162895 996 $6260$aRoma :$bLAS$9(OLS)http://semarc/publisher/29900